Australian Rugby - Top Points Scorers - Statistics

General Stats
  • This quiz has been taken 132 times
    83 since last reset
  • The average score is 7 of 11
Answer Stats
Points Years Active Player % Correct
315 1982-1996 David Campese
86%
911 1984-1995 Michael Lynagh
85%
878 1993-2004 Matt Burke
83%
684 2002-2011 Matt Giteau
77%
489 2000-2009 Stirling Mortlock
77%
622 2013-2019 Bernard Foley
76%
200 1998-2007 Chris Latham
59%
244 1995-2004 Joe Roff
59%
223 2008-2019 James O'Connor
39%
200 2007-2013 Berrick Barnes
30%
260 1974-1982 Paul McLean
23%
No matching quizzes found
Score Distribution
Percent of People with Each Score
Percentile by Number Answered
Your Score History
You have not taken this quiz since the last reset